Guess the veggies - Statistics

General Stats
  • This quiz has been taken 29 times
  • The average score is 11 of 16
Answer Stats
Picture Answer % Correct
Eggplant
100%
Pumpkin
93%
Tomato
93%
Cucumber
89%
Ginger
89%
Radish
82%
Asparagus
79%
Bell Pepper
79%
Cauliflower
79%
Turnip
61%
Beetroot
54%
Leek
54%
Okra
50%
Parsnip
43%
Butternut Squash
32%
Fennel
29%
No matching quizzes found
Score Distribution
Percent of People with Each Score
Percentile by Number Answered
Your Score History
You have not taken this quiz